000 00645nam a2200229Ia 4500
003 OSt
005 20221007075146.0
006 a|||||r|||| 00| 0
007 ta
008 221006b |||||||| |||| 00| 0 eng d
024 _a18,218
037 _cReference Collections
040 _aFLL
_cFLL
_beng
041 _2eng
_aeng
082 _aV2,3:1, N4
100 _aKashyap S.C. Au.
_9693564
245 0 _aHistory of the parliament of india
260 _aNew Delhi
_bCentre for policy research India
_c1994
300 _a350p
_ccm.
942 _hV2,3:1, N4
_cREF
_2CC
999 _c1155026
_d1155026